000 01258nam a2200253Ia 4500
003 OSt
005 20220930204445.0
006 a|||||r|||| 00| 0
007 ta
008 220926b |||||||| |||| 00| 0 hin d
024 _a72363
037 _cDissertations
040 _aCRL
_cCRL
_bhin
041 _2hin
_ahin
100 _aढींगरा, ज्योति, ले.
110 _aदिल्ली विश्वविद्यालय. कला संकाय. हिन्दी विभाग
245 0 _aचित्रा मुद्रल के उपन्यास ‘गिलिगडु’ तथा हृदयेश के उपन्यास ‘चार दरवेश’ में निहित वृद्ध जीवन की समस्या
246 _aChitrā mudral ke upanyās ṣhgiligaḍuṣh tathā hṛudayesh ke upanyās ṣhchār daraveshaṣh mean nihit vṛuddha jīvan kī samasyā
260 _c2020
300 _a138पृ0
_ccm.
700 _aदिल्ली विश्वविद्यालय. कला संकाय. हिन्दी विभाग
942 _cDIS
_2CC
999 _c906061
_d906061